| 000 | 01594nam0a2200265 4500 | ||
|---|---|---|---|
| 001 | RU\NLR\BIBL_A\022443125 | ||
| 005 | 20250810080015.0 | ||
| 035 | _a(NLR Aleph) 022443125 | ||
| 090 |
_a13353766 _c13353766 |
||
| 100 | _a20250203d1942 m y0rusy50 ca | ||
| 101 | 0 | _akaz | |
| 102 | _aKZ | ||
| 105 | _ay z 000 y | ||
| 181 | 0 |
_ai _baxxe |
|
| 182 | 0 | _an | |
| 200 | 1 |
_aҚазақ ССР колхоздары мен совхоздарында мал шаруашылығын өркендетудің 1942 жылғы мемлекеттік планының орындалуын қамтамасыз ету шаралары туралы Қазақ ССР Халық комиссарлары Советі мен ҚК(б)П орталық комитетінің қаулысы _e1942 жыл 25 март _dО мероприятиях по обеспечению выполнения государственного плана развития животноводства в колхозах и совхозах КазССР на 1942 год _eпостановление СНК КазССР и ЦК КП(б)К от 25 марта1942 года _f[отв. по вып. Н. Арыкова] |
|
| 203 |
_aТекст _bвизуальный _cнепосредственный |
||
| 210 |
_aАлматы _cҚазақтың біріккен мемлекеттік баспасы _d1942 |
||
| 215 |
_a62,[1] с. _cтабл. _d22 |
||
| 702 | 1 |
_aАрыкова _bН. _4540 |
|
| 942 | _cBOOK | ||
| 945 | _aРоссийская национальная библиотека | ||
| 980 | _aBV | ||
| 980 | _aNB | ||